Statistics for fast clicking

Click here to take the quiz!

General Stats

  • This quiz has been taken 144 times
  • The average score is 13 of 15

Answer Stats

HintAnswer% Correct
dd
95%
ee
95%
aa
93%
ff
89%
bb
88%
hh
85%
ii
85%
mm
85%
nn
85%
jj
84%
ll
80%
kk
79%
oo
75%
gg
70%
cc
67%

Score Distribution

Percentile by Number Answered

Percent of People with Each Score

Your Score History

You have not taken this quiz